Regional labour markets analytical contributions and cross-national comparisons
Salvato in:
| Altri autori: | , |
|---|---|
| Natura: | Libro |
| Lingua: | inglese |
| Pubblicazione: |
Amsterdam
North-Holland
1987
|
| Serie: | Contributions to economic analysis
168 |
| Soggetti: | |
| Tags: |
Nessun Tag, puoi essere il primo ad aggiungerne!!
|
MARC
| LEADER | 00000nam a2200000 4500 | ||
|---|---|---|---|
| 001 | c100931 | ||
| 005 | 20230315134946.2 | ||
| 020 | |a 0-444-70323-3 | ||
| 041 | 0 | |a eng | |
| 044 | |a NL | ||
| 245 | 1 | 0 | |a Regional labour markets |b analytical contributions and cross-national comparisons |c Edited by Manfred M. Fischer and Peter Nijkamp |
| 264 | 1 | |a Amsterdam |b North-Holland |c 1987 | |
| 300 | |a 500 s. | ||
| 490 | 1 | |a Contributions to economic analysis |v 168 | |
| 830 | 0 | |a Contributions to economic analysis |v 168 | |
| 610 | 2 | 0 | |a analýza komparatívna |
| 610 | 2 | 0 | |a trh práce |
| 610 | 2 | 0 | |a modelovanie |
| 610 | 2 | 0 | |a zdroje ľudské |
| 610 | 2 | 0 | |a zdroje pracovné |
| 610 | 2 | 0 | |a politika regionálna |
| 610 | 2 | 0 | |a migrácia |
| 610 | 2 | 0 | |a nezamestnanosť |
| 610 | 2 | 0 | |a porovnanie medzinárodné |
| 700 | 1 | |a Fischer, Manfred M. | |
| 700 | 1 | |a Nijkamp, Peter | |